Sports Quiz

Random Sports or Nation Quiz

Penalty Shootout at WC Quiz Stats

Quiz not verified by Sporcle

Challenge
Share
Tweet
Embed
Score 0/10 Timer 02:00
0 Plays Today
Nation % Correct
Germany
97.7%
Brazil
97.7%
Argentina
94.5%
Italy
94.5%
Spain
93.8%
England
92.2%
France
85.9%
Mexico
52.3%
Ireland
45.3%
Romania
25.8%

You're not logged in!

Compare scores with friends on all Sporcle quizzes.
Sign Up with Email
OR
Log In

You Might Also Like...

Show Comments

Extras

Top Quizzes Today


Score Distribution

Your Account Isn't Verified!

In order to create a playlist on Sporcle, you need to verify the email address you used during registration. Go to your Sporcle Settings to finish the process.

Report this User

Report this user for behavior that violates our Community Guidelines.

Details: